Largest Michigan cities within 20 miles - Statistics

General Stats
  • This quiz has been taken 30 times
  • The average score is 32 of 63
Answer Stats
County Population Answer % Correct
Wayne 667,272 Detroit
100%
Clinton/ Eaton/ Ingham 120,921 Lansing
100%
Kent 205,289 Grand Rapids
95%
Genesee 94,867 Flint
90%
Jackson 32,603 Jackson
90%
Kalamazoo 76,497 Kalamazoo
90%
Midland 41,764 Midland
90%
Saginaw 47,917 Saginaw
90%
Washtenaw 123,062 Ann Arbor
85%
Marquette 20,866 Marquette
85%
Muskegon 36,903 Muskegon
85%
Alpena 9,789 Alpena
80%
Calhoun 51,003 Battle Creek
80%
Allegan/ Ottawa 33,137 Holland
80%
Monroe 19,439 Monroe
80%
Chippewa 13,434 Sault Ste. Marie
80%
Grand Traverse/ Leelanau 15,785 Traverse City
80%
Houghton 7,947 Houghton
70%
Menominee 7,940 Menominee
70%
St. Clair 28,635 Port Huron
65%
Ionia 10,944 Ionia
60%
Allegan 5,068 Allegan
55%
Berrien 9,742 Benton Harbor
55%
Delta 11,969 Escanaba
55%
Dickinson 7,303 Iron Mountain
55%
Manistee 6,234 Manistee
55%
Wexford 10,513 Cadillac
50%
Cheboygan 4,684 Cheboygan
50%
Schoolcraft 2,982 Manistique
50%
Berrien/ Cass 11,046 Niles
50%
Branch 12,164 Coldwater
45%
Otsego 3,739 Gaylord
45%
Isabella 24,764 Mount Pleasant
45%
Mackinac 2,328 St. Ignace
45%
Mecosta 10,365 Big Rapids
40%
Barry 7,411 Hastings
40%
Gogebic 4,906 Ironwood
40%
Kalkaska 2,144 Kalkaska
40%
Huron 2,901 Bad Axe
35%
Baraga 1,922 Baraga
35%
Crawford 1,868 Grayling
35%
Mason 8,185 Ludington
35%
Alger 2,197 Munising
35%
Emmet 5,810 Petoskey
35%
Allegan/ Van Buren 4,326 South Haven
35%
Lenawee 20,201 Adrian
30%
Ontonagon 1,242 Ontonagon
30%
St. Joseph 10,728 Sturgis
30%
Iron 2,815 Iron River
25%
Luce 1,408 Newberry
25%
Shiawassee 14,380 Owosso
25%
Presque Isle 2,689 Rogers City
25%
Benzie 1,296 Frankfort
20%
Newaygo 4,173 Fremont
20%
Menominee 816 Stephenson
20%
Ogemaw 2,063 West Branch
20%
Tuscola 3,914 Caro
15%
Chippewa 322 De Tour Village
10%
Iosco 2,672 East Tawas
10%
Alcona 467 Harrisville
10%
Alpena/ Montmorency 667 Hillman
10%
Sanilac 2,502 Sandusky
10%
Arenac 1,376 Standish
10%
No matching quizzes found
Score Distribution
Percent of People with Each Score
Percentile by Number Answered
Your Score History
You have not taken this quiz